|
|
|
|
| LEADER |
00000nkm a2200000 a 4500 |
| 001 |
vtls011552373 |
| 003 |
SK-MaSNL |
| 005 |
20260331210551.0 |
| 007 |
kf ao |
| 008 |
231214s1921 xr |g||||| |00 kucze |
| 015 |
|
|
|a SNBG
|
| 035 |
|
|
|a urn:nbn:sk:snk-km00bjvu
|
| 035 |
|
|
|a urn:nbn:sk:snk-km3lmgu
|
| 035 |
|
|
|a 74E0D5D4-5DEE-4DA9-8C90-92D4D841535F
|
| 040 |
|
|
|a SNK
|b slo
|c SNK
|e AACR2
|
| 041 |
0 |
|
|a cze
|
| 043 |
|
|
|a e-xo---
|
| 044 |
|
|
|a xr
|c CZ
|
| 080 |
|
|
|a 908(437.6)
|2 2011
|
| 080 |
|
|
|a 640.412
|2 2011
|
| 080 |
|
|
|a (084.121)
|2 2011
|
| 080 |
|
|
|a (437.6)
|2 2011
|
| 100 |
1 |
|
|a Chytil, Alois,
|d 1877-1949
|4 pht
|9 61994
|
| 245 |
1 |
0 |
|a Vysoké Tatry
|h grafika
|n 47.
|p Grandhotel Praha v Tatranské Lomnici
|c fot. A. Chytil
|
| 246 |
3 |
0 |
|a Grandhotel Praha v Tatranské Lomnici
|
| 260 |
|
|
|a Praha
|b Nákladom vlastným
|c 1921
|
| 300 |
|
|
|a 1 pohľadnica
|b tónovaná do modra
|c 9 x 14 cm
|
| 610 |
2 |
7 |
|a Grandhotel Praha (Tatranská Lomnica, Slovensko)
|2 SNKKA
|9 55002
|
| 651 |
|
7 |
|a Vysoké Tatry (Poľsko a Slovensko : pohorie)
|2 SNKPHgeo
|9 67729
|
| 651 |
|
7 |
|a Tatranská Lomnica (Vysoké Tatry, Slovensko)
|2 SNKPH
|9 160914
|
| 655 |
|
7 |
|a miestne pohľadnice
|2 SNKPH
|9 70510
|
| 852 |
|
|
|a Slovenská národná knižnica
|
| 958 |
|
|
|a GBN
|
| 958 |
|
|
|a GC
|
| 958 |
|
|
|a ONDV
|
| 999 |
|
|
|c 587164
|d 589094
|
| 952 |
|
|
|a SNK
|b SNK
|y PREZ
|7 0
|p 17A1178716
|o snkSP 5047
|0 0
|1 0
|4 0
|d 2016-05-13
|f 1
|l 0
|r 2026-02-23 15:13:07
|w 2026-02-23
|